| 000 | 00724nam a2200229 a 4500 | ||
|---|---|---|---|
| 001 | 62441 | ||
| 003 | BD-RjUL | ||
| 005 | 20211209081103.0 | ||
| 008 | 170124s1974 bg abf b 000 0 eng | ||
| 035 | _a(BD-RjUL) 6256 | ||
| 040 |
_aBD-RjUL _cBD-RjUL _beng |
||
| 041 | _aeng | ||
| 082 |
_223 _a333.95095492 _bHUI 1974 |
||
| 100 | 1 |
_aZaker Husain, Kazi. _9185693 |
|
| 245 | 1 | 3 |
_aAn introduction to the wildlife of Bangladesh / _cby Kazi Zaker Husain. |
| 260 |
_aDacca : _bF. Ahmed, _c1974. |
||
| 300 |
_aiii, ii, 81 p., [4] leaves of plates : _bill., map ; _c22 cm. |
||
| 504 | _aBibliography: p. [79]-81. | ||
| 650 | 0 |
_aAnimals _zBangladesh. _9185694 |
|
| 650 | 0 |
_aWildlife management _zBangladesh. _9185695 |
|
| 942 |
_2ddc _cBK |
||
| 999 |
_c62441 _d62441 |
||